| 000 | 00467nam a2200193Ia 4500 | ||
|---|---|---|---|
| 008 | 210210b1958 xxu||||| |||| 00| 0 eng d | ||
| 041 | _aeng | ||
| 082 | _a335/42 | ||
| 100 | _aBANSIL (P C) | ||
| 245 | _aIndias food resources and population | ||
| 260 |
_aBombay _bVora & Co Publishers Pvt Ltd. _c1958 |
||
| 650 | _aresources | ||
| 650 | _apopulation | ||
| 650 | _aIndias | ||
| 650 | _afood | ||
| 650 | _aand | ||
| 690 | _aIndian Economics | ||
| 906 | _a004385 | ||
| 999 |
_c125062 _d125062 |
||